000 00637nam a2200205 u 4500
005 20210223130554.0
008 080730s2005 ea r 000 0 spa d
020 _a0736841768
035 _aUPN01000158568
049 _aI
050 4 _aSB175
_bC5.3
100 1 _aCipriano, Jeri S.
_936491
245 1 3 _aLa cosecha /
_cJeri Cipriano ; tr. Gloria Ramos.
260 _aMinnesota [E.U.A.] :
_bCapstone,
_cc2005.
300 _a17 p. :
_bil.
440 0 _aYellow umbrella books for early readers.
_pNivel B - ciencia
534 _pTítulo original:
_tHarvest time
650 4 _aCOSECHAS -
_vLITERATURA INFANTIL
_911056
905 _aInfantil
999 _c130682
_d130682